000 00336 a2200109 4500
001 ART_17377
005 20260410161923.0
008 260409a
245 1 0 _aOn modeling the effects of government policies
100 1 _aFair, Ray C.
773 0 _tThe American Economic Review
_g- Vol. 69, NÂș 2 (mayo 1979)
_wREV16190
999 _c27867
_d27867